LEADER 01202nam a2200265 i 4500 001 000000207599 003 CaOOAMICUS 005 20251017120249.0 008 111102s1790 it u000 u ita u 013 $a186378 026 $ae.e. o-to o.la tepu (3) 1750 (R) 026 $arat- too, tao, 1aEm (3) 1750 (R) 026 $atoi- ,ea. e.o. 1aAv (3) 1750 (R) 040 $aSeMil$bita 100 1 $aSalviati, Leonardo,$d<1540-1589>.$0(OLS)http://semarc/name/1247 240 13$aIl granchio e La spina di Lionardo Salviati, La Tancia di Michelagnolo Buonarroti.$0(OLS)http://semarc/title/300197 245 10$aTomo 6. 300 $a[2], 135, [1] 131, [1], 140, [4] p. 500 $aSegn. : A-H8 I4, [2]A-G8 H10, [3]A-I8. 700 1 $aBuonarroti, Michelangelo,$d<1475-1564>.$0(OLS)http://semarc/name/5320 773 0 $tTeatro comico fiorentino contenente 20 delle più rare commedie citate da sig. accademici della Crusca diviso in tomi sei. Tomo 1. [-6.].$din Firenze [i.e. Venezia] : [s.n.], 1750.$g6$w()25699 850 $aSeMil 852 $aSeMil$W1$xVenegono$y1$m1S II 3 FA$j158058$B158058$CSeMilBibl$Z2$F169320 $8I 996 $6245$aTomo 6$9(OLS)http://semarc/title/194410 LEADER 01415nam a2200301 i 4500 001 000000360364 003 CaOOAMICUS 005 20241017144434.0 008 241017s1994 gw m u000 u ger u 020 $a3-88479-943-6 040 $aSeMil$bita 100 1 $aJoisten, Karen,$d<1962- >.$0(OLS)http://semarc/name/120736 245 14$aDie Überwindung der Anthropozentrizität durch Friedrich Nietzsche /$cKaren Joisten. 264 1$aWürzburg :$bKönigshausen & Neumann,$c1994. 300 $a327 p. ;$c24 cm. 490 1 $aEpistemata. Reihe Philosophie ;$v155 502 $aTesto rivisto della tesi, Università di Mainz, 1993 504 $aBibliographie, p. 314-327 600 14$aNietzsche, Friedrich <1844-1900>.$0(OLS)http://semarc/subject/638 650 4$aNietzsche, Friedrich <1844-1900> - Tema [del] Superuomo.$0(OLS)http://semarc/subject/56517 830 0$aEpistemata. Reihe Philosophie ;$v155.$0(OLS)http://semarc/title/17121 850 $aSeMil 852 $aSeMil$W1$xVenegono$y1$m2P V 682$j251791$B251387$CSeMilBibl$Z2$F251387 $81 961 $aBuzzi mons. Franco - Omaggio 996 $6020$a3-88479-943-6$9(OLS)http://semarc/number/301576 996 $6245$aDie Überwindung der Anthropozentrizität durch Friedrich Nietzsche$9(OLS)http://semarc/title/450860 996 $6264$aWürzburg :$bKönigshausen & Neumann$9(OLS)http://semarc/publisher/33545